LEADER 01614nam a2200313 4500 001 000000330574 003 CaOOAMICUS 005 20181005081621.0 008 181003s2008 it 000 u ita r 020 $a978-88-315-3529-8 040 $aSeMil$bita 100 1 $aUguccioni, Cristina.$0(OLS)http://semarc/name/59254 245 10$aLasciarsi guardare da Dio :$bconversazioni sul Padre nostro con Piero Coda, Anselm Grün, Bruno Maggioni, Gigi Rigoldi, Angelo Scola /$cCristina Uguccioni. 264 1$aMilano :$bPaoline,$c2008. 300 $a205 p. ;$c22 cm 490 1 $aLibroteca paoline ;$v91 650 4$aPadre Nostro - Meditazioni.$0(OLS)http://semarc/subject/16032 700 1 $aCoda, Piero,$d<1955- >.$0(OLS)http://semarc/name/325 700 1 $aMaggioni, Bruno,$d<1932-2020>.$0(OLS)http://semarc/name/4235 700 1 $aScola, Angelo,$c.$0(OLS)http://semarc/name/3364 700 1 $aRigoldi, Gino,$c.$0(OLS)http://semarc/name/69315 700 1 $aGrün, Anselm,$c.$0(OLS)http://semarc/name/91193 830 0$aLibroteca Paoline ;$v91.$0(OLS)http://semarc/title/8178 850 $aSeMil 852 $aSeMil$W1$xVenegono$y1$m3F III 758$j211178$B224783$CSeMilBibl$Z2$F224783 $81 996 $6020$a978-88-315-3529-8$9(OLS)http://semarc/number/285285 996 $6245$aLasciarsi guardare da Dio :$bconversazioni sul Padre nostro con Piero Coda, Anselm Grün, Bruno Maggioni, Gigi Rigoldi, Angelo Scola$9(OLS)http://semarc/title/419038 996 $6264$aMilano :$bPaoline$9(OLS)http://semarc/publisher/29684 LEADER 01051nam a2200253 i 4500 001 000000165605 003 CaOOAMICUS 005 20071022000000.0 008 071022s1960 it u000 u ita u 013 $a142973 040 $aSeMil$bita 100 1 $aBuonarroti, Michelangelo,$d<1475-1564>.$0(OLS)http://semarc/name/5320 245 10$aRime /$cMichelangiolo Buonarrotti ; A cura di Enzo Noč Girardi. 260 $aBari :$bLaterza & Figli,$c1960. 300 $a559 p. ;$c22 cm. 490 0 $aScrittori d'Italia ;$v217 500 $aContiene : Appendice. 650 4$aBuonarroti, Michelangelo <1475-1564> - Opere letterarie.$0(OLS)http://semarc/subject/7894 700 1 $aGirardi, Enzo Noč,$d<1921-2016>.$0(OLS)http://semarc/name/8324 830 0$aScrittori d'Italia ;$v217.$0(OLS)http://semarc/title/138 850 $aSeMil 852 $aSeMil$W1$xVenegono$y1$m1E V 113$j116792$B116792$CSeMilBibl$Z2$F127726 $81 996 $6245$aRime$9(OLS)http://semarc/title/46089 996 $6260$aBari :$bLaterza & Figli$9(OLS)http://semarc/publisher/29663